Loading...

Doing Grammar

Bibliographic Details
Main Author: Max Morenberg
Format: Printed Book
Published: New Delhi Oxford University Press 1997
Edition:2nd.
Subjects:
LEADER 00664nam a22002171a 4500
020 |a 9780195097832  |c 0.00 
040 |a SSUS - Library - Kalady 
082 |a 425  |b MAX/D 
100 |a Max Morenberg 
245 |a Doing Grammar  |h [Text] 
250 |a 2nd. 
260 |a New Delhi  |b Oxford University Press  |c 1997 
300 |a 292p. 
500 |a Morenberg Max  
600 |a Grammar 
600 |a Grammar English 
600 |a Language 
852 |h 425  |i MAX/D  |p 034740  |9 275.00  |t 0 
942 |c BK 
999 |c 11196  |d 11196 
952 |0 0  |1 0  |4 0  |6 425_000000000000000_MAX_D  |7 0  |9 16288  |a SSUS  |b SSUS  |d 2015-01-08  |g 275.00  |l 1  |o 425 MAX/D  |p 034740  |r 2015-08-21  |s 2015-07-24  |v 0.00  |w 2015-01-08  |y BK